000 00541nam a22001937a 4500
003 KOHA_MİRAKIL
005 20251116160418.0
008 251116b tu ||||| |||| 00| 0 tur d
020 _a9786052982327
040 _aTR-AnABB
_btur
_cTR-AnABB
041 _atur
082 _a823.914
_bCAR 2021
100 1 _aLe Carre, John,
245 1 0 _aCasusun mirası /
_cJohn Le Carre
260 _aİstanbul :
_bKırmızı Kedi Yayınları,
_c2021
300 _a279 sayfa ;
_c21 cm
650 0 4 _aİngiliz edebiyatı, roman
942 _2ddc
_cBK
999 _c9449
_d9449
900 _bGizem YORULMAZ